Budapest Ferenc Liszt Int. Airport Destinations (Budapest, Hungary) - Statistics

General Stats
  • This quiz has been taken 349 times
    196 since last reset
  • The average score is 100 of 157
Answer Stats
Airline Destination % Correct
KLM Amsterdam
98%
Wizz Air Bucharest (Băneasa)
97%
TAROM Bucharest (Otopeni)
97%
easyJet/TUI Airways/Wizz Air London (Gatwick)
96%
British Airways London (Heathrow)
96%
Wizz Air London (Luton)
96%
Ryanair London (Stansted)
96%
Air France/easyJet Paris (Charles de Gaulle)
95%
Wizz Air Paris (Orly)
95%
Austrian Airlines Vienna
95%
LOT Polish Airlines/Wizz Air Warsaw (Chopin)
95%
Ryanair Warsaw (Modlin)
95%
Finnair Helsinki
94%
Norwegian Air Shuttle Oslo
94%
Lufthansa Munich
93%
Aegean Airlines/Ryanair/Wizz Air Athens
92%
Ryanair/Smartwings/Wizz Air Barcelona
92%
Brussels Airlines Brussels
92%
Aer Lingus/Ryanair Dublin
92%
Turkish Airlines/Wizz Air Istanbul
92%
AJet/Pegasus Airlines Istanbul (Sabiha Gökçen)
92%
Iberia/Ryanair/Wizz Air Madrid
92%
Ryanair Rome (Ciampino)
92%
Wizz Air Rome (Fiumicino)
92%
Norwegian Air Shuttle/Ryanair/Wizz Air Stockholm (Arlanda)
92%
Swiss International Air Lines Zürich
91%
Ryanair/Wizz Air Milan (Malpensa)
90%
Ryanair/Wizz Air Berlin
89%
Air Serbia Belgrade
88%
Emirates/flydubai/Wizz Air Dubai (International)
88%
Condor/Lufthansa Frankfurt
88%
airBaltic Riga
88%
Egyptair Cairo
86%
Jet2.com/Ryanair/TUI Airways Manchester
86%
Norwegian Air Shuttle/Ryanair/Scandinavian Airlines/Wizz Air Copenhagen
85%
easyJet/Transavia Lyon
85%
Ryanair Marseille
85%
Ryanair/Wizz Air Naples
85%
Shanghai Airlines Shanghai (Pudong)
85%
Ryanair/Wizz Air Lisbon
84%
arkia/Bluebird Airways/El Al/FLYYO/Israir/Ryanair/Wizz Air Tel Aviv
84%
Air China Beijing (Capital)
83%
Eurowings Hamburg
82%
Ryanair Sofia
82%
Ryanair Prague
81%
Ryanair Edinburgh
80%
Ryanair/Wizz Air Liverpool
80%
Wizz Air Venice
79%
Ryanair Porto
78%
Korean Air Seoul (Incheon)
78%
Wizz Air Vilnius
78%
Jet2.com/Wizz Air Glasgow
77%
Luxair Luxembourg
77%
Ryanair Palermo
77%
Ryanair/Smartwings/Wizz Air Tirana
77%
Wizz Air Abu Dhabi
76%
easyJet Geneva
76%
Wizz Air Nice
76%
Ryanair/Wizz Air Valencia
76%
Jet2.com/Ryanair/Wizz Air Birmingham
75%
Wizz Air Gdańsk
75%
Qatar Airways Doha
74%
Ryanair Seville
74%
Pegasus Airlines/Smartwings/SunExpress/Wizz Air Antalya
73%
easyJet/Wizz Air Basel/Mulhouse
73%
Eurowings Cologne/Bonn
73%
Eurowings Düsseldorf
72%
Ryanair/Wizz Air Málaga
72%
Eurowings/Wizz Air Stuttgart
72%
Ryanair/Wizz Air Bari
71%
Ryanair/Wizz Air Malta
71%
Ryanair/Wizz Air Thessaloniki
69%
easyJet Bordeaux
68%
Wizz Air Bilbao
65%
China Southern Airlines Guangzhou
65%
Ryanair/Smartwings/Wizz Air Palma de Mallorca
65%
Ryanair/Wizz Air Tenerife (South)
65%
Ryanair Belfast (International)
64%
Ryanair Bologna
64%
Ryanair/Wizz Air Catania
64%
Wizz Air Chișinău
64%
Wizz Air Eindhoven
64%
Ryanair Hahn
64%
Smartwings/Wizz Air Heraklion
62%
Wizz Air Baku
61%
Wizz Air Dortmund
61%
Wizz Air Alicante
59%
Ryanair/Smartwings/Wizz Air Corfu
59%
SunExpress İzmir
59%
Wizz Air Podgorica
59%
Wizz Air Riyadh
59%
Ryanair/Wizz Air Amman (Queen Alia)
58%
Ryanair Bristol
58%
Ryanair Gothenburg
58%
Air Cairo/Smartwings/Wizz Air Hurghada
58%
Jet2.com Leeds/Bradford
58%
Ryanair Pisa
58%
Wizz Air Reykjavík
58%
Ryanair/Wizz Air Gran Canaria
57%
Jazeera Airways Kuwait City
57%
Wizz Air Jeddah
56%
Wizz Air Larnaca
56%
Ryanair/Wizz Air Marrakesh
56%
Wizz Air Yerevan
56%
Jet2.com Newcastle upon Tyne
55%
Ryanair Nuremberg
55%
Ryanair/Smartwings/Wizz Air Rhodes
55%
Wizz Air Wrocław
55%
Ryanair Katowice
54%
Ryanair/Smartwings/Wizz Air Burgas
53%
Wizz Air Funchal
52%
Wizz Air Genoa
52%
easyJet/Transavia Nantes
52%
Ryanair Toulouse
52%
Ryanair Cagliari
51%
Wizz Air Santorini
51%
Ryanair Paphos
50%
Ryanair/Smartwings/Wizz Air Zakynthos
50%
Ryanair Bergamo
49%
Ryanair Faro
48%
Hainan Airlines Shenzhen
48%
Ryanair Zadar
48%
Ryanair/Smartwings Chania
47%
Ryanair Mykonos
45%
Smartwings/Wizz Air Sharm El Sheikh
44%
Ryanair/Wizz Air Charleroi
43%
Qanot Sharq Tashkent
42%
Shanghai Airlines Xi'an
42%
Wizz Air Kutaisi
40%
Ryanair Rimini
39%
Air China Chongqing
38%
Ryanair Trieste
37%
Smartwings Bodrum
35%
Smartwings Fuerteventura
35%
Ryanair Lanzarote
35%
Ryanair Shannon
35%
Wizz Air Memmingen
34%
Jet2.com/Ryanair East Midlands
33%
Smartwings Kefalonia
33%
Wizz Air Brașov
32%
Wizz Air Girona
32%
Ryanair Beauvais
31%
Ryanair Skiathos
31%
Smartwings Marsa Alam
30%
Smartwings Almeria
28%
Ryanair Preveza/Lefkada
28%
Ryanair Treviso
28%
Wizz Air Giza
27%
Ryanair/Wizz Air Alghero
25%
Smartwings Preveza/Aktion
24%
Wizz Air Târgu Mureș
24%
Wizz Air Salerno
19%
Ryanair Castellón
18%
Smartwings Karpathos
18%
Shanghai Airlines Ningbo
18%
SCAT Airlines Şymkent
9%
Smartwings Taba
2%
No matching quizzes found
Score Distribution
Percent of People with Each Score
Percentile by Number Answered
Your Score History
You have not taken this quiz since the last reset